000 00632nam a2200169 a 4500
008 080924s2006 ||||||||||||||||| || u
050 _aIBRD(08)PRWP
100 _aDhillon, Amrita
245 1 0 _aDevelopment and the interaction of enforcement institutions
260 _aWashington, D.C.
_bWorld Bank
_c2006
300 _a21p.
350 _a0.00
490 _aWorld Bank policy research working papers
700 _aRigolini, Jamele
710 _aWorld Bank
995 _D0.00
_FCBU-MAIN LIBRARY (Kitwe)
_H1
_I0.00
_M4090
_UAVAILABLE
_WSep 24, 2008
_ZInternational Publications
999 _c39953
_d39953